000 00432nam a2200205Ia 4500
001 11987
003 GE_BSU
008 181216s||||||||xx |||||||||||||| ||und||
020 _a9780316854757
040 _cGE_BSU
080 _a821.111-312.4
100 _aCornwell,Patricia
245 _aBLOW FLY
260 _aLondon
260 _bLiitle Brown
260 _c2003.
300 _a465p;24cm.
653 _aBLOW FLY
942 _cBK
999 _c45164
_d45164